000 00780nam a2200205Ii 4500
003 JO-AjNU
008 230605s9999||||xx |||||||||||||| ||und||
017 _a1981/1182
040 _aJO-AjNU
_bara
_erda
_cJO-AjNU
041 _aara
050 1 4 _aD157.M3254.1981
100 3 _aتاليف المعاصيدي، خاشع،محمد، سوادي عبد، نوري، دريد عبد القادر,
_eauthor
_948948
245 0 0 _aتأريخ الوطن العربي والغزو الصليبي
264 3 1 _aالعراق: (د.ن)، 1981
300 _a444ص
_bصور توضيحية
336 _atext
_btxt
_2rdacontent
337 _aunmediated
_bn
_2rdamedia
338 _avolume
_bnc
_2rdacarrier
650 4 _aالوطن العربي -تاريخ ، الحروب الصليبية
_948949
999 _aA21469
_c25037
_d25037